00000000cam 2200000zi 4500
0019.957857
003CaOODSP
00520260603150328
006m     o  d f      
007cr |n|||||||||
008251201e199110##onc     o    f000 0 eng d
040 |aCaOODSP|beng|erda|cCaOODSP
043 |an-cn---
0861 |aJS42-123/1991E-PDF
24500|aCorrections and Conditional Release Act backgrounder.
24636|aBackgrounder on proposed Corrections and Conditional Release Act
264 1|a[Ottawa] : |b[Solicitor General Canada], |cOctober 1991.
300 |a1 online resource (19 pages)
336 |atext|btxt|2rdacontent
337 |acomputer|bc|2rdamedia
338 |aonline resource|bcr|2rdacarrier
500 |aDigitized edition from print [produced by Public Safety Canada].
500 |aIssued also in French under title: Loi sur le système correctionnel et la mise en liberté sous condition : document d'information.
61010|aCanada. |tCorrections and Conditional Release Act.
650 0|aCorrectional law|zCanada.
7101 |aCanada. |bSolicitor General Canada, |eissuing body
77508|tLoi sur le système correctionnel et la mise en liberté sous condition : |w(CaOODSP)9.963297
85640|qPDF|s353 KB|uhttps://publications.gc.ca/collections/collection_2026/sp-ps/JS42-123-1991-eng.pdf